Historia de la literatura náhuatl : segunda parte : el trauma de la Conquista, 1521-1750 /

Salvato in:
Dettagli Bibliografici
Autore principale: Garibay K., Angel María (autor)
Natura: Libro
Lingua:spagnolo
Pubblicazione: México : Porrúa, 1954, c1954
Tags: Aggiungi Tag
Nessun Tag, puoi essere il primo ad aggiungerne!!

MARC

LEADER 00000nam^a2200000^a^4500
001 000570393
005 20250521000000.0
009 20260310132227.493
037 |a Acervo Xavier Clavigero 
041 |a ESP 
091 |a FPA. 02895 
100 |a Garibay K., Angel María  |e (autor) 
245 1 0 |a Historia de la literatura náhuatl :  |b segunda parte : el trauma de la Conquista, 1521-1750 / 
264 4 |a México :  |b Porrúa,  |c 1954, c1954 
300 |a 426 p., [12 láminas] 
336 |a texto  |b txt  |2 rdacontenido 
337 |a sin mediación  |b n  |2 rdamedio 
338 |a volumen  |b nc  |2 rdasoporte 
649 |a XX 
910 |a Fondo José Ignacio Palencia Gómez S.J. 
920 |a Impresos - Libros 
930 |a Fondos Especiales 
940 |a Literatura 
905 |a 137 
901 |a 0500356659  |b IT2  |c ESL  |i D  |u 20250521 
902 |a https://opac.biblio.iteso.mx/vufind/Record/000570393